Discursos pronunciados en las sesiones del Congreso de los Diputados en los días, 8, 9 y 11 de mayo de 1894 / (Record no. 173046)

MARC details
000 -LEADER
campo de control de longitud fija 00595nam a22001575i 4500
001 - NÚMERO DE CONTROL
campo de control 173046
003 - IDENTIFICADOR DE NÚMERO DE CONTROL
campo de control ES-MaACL
005 - FECHA Y HORA DE LA ÚLTIMA TRANSACCIÓN
campo de control 20250702060047.0
008 - DATOS DE LONGITUD FIJA--INFORMACIÓN GENERAL
campo de control de longitud fija 091019s1894 sp |||| | spa d
100 1# - ENTRADA PRINCIPAL--NOMBRE DE PERSONA
Nombre de persona Salmerón y Alonso, Nicolás,
Fechas asociadas al nombre 1838-1908
9 (RLIN) 101996
245 10 - MENCIÓN DEL TÍTULO
Título Discursos pronunciados en las sesiones del Congreso de los Diputados en los días, 8, 9 y 11 de mayo de 1894 /
Mención de responsabilidad, etc. por el ex-presidente Nicolás Salmerón y Alonso.
260 ## - PUBLICACIÓN, DISTRIBUCIÓN, ETC.
Lugar de publicación, distribución, etc. Lorca :
Nombre del editor, distribuidor, etc. [s.n.],
Fecha de publicación, distribución, etc. 1894 (
Fabricante Imp. Luis Montiel)
300 ## - DESCRIPCIÓN FÍSICA
Extensión 42 p. ;
Dimensiones 22 cm.
852 ## - LOCALIZACIÓN
Ubicación ES-MaACL
Número de control de estantería 1663-F-5
Holdings
Estatus retirado Estado de pérdida Estado de daño No para préstamo Colección Biblioteca de origen Biblioteca actual Ubicación en estantería Fecha de adquisición Fuente de adquisición Total de préstamos Signatura topográfica completa Código de barras Visto por última vez Precio de reemplazo Tipo de ítem Koha
        Colección de folletos Biblioteca del Ateneo de Madrid Biblioteca del Ateneo de Madrid Depósito folletos 19/10/2009     1663-F-5 1181577 23/02/2023 23/02/2023 Folleto